000 00764nam a2200193 a 4500
003 0
005 20250424091358.0
008 021127s19uu xx 00 eng d
050 _aPHS MT 1.M87
_b.E74 2005
100 _aErez, Daphni Galvez.
245 _aA Study on musical preference of selected SISC Grade 11 students and its effects on their academic performances /
_cDaphni Galvez Erez.
260 _aLas PiƱas City, Philippines :
_bSouthville International School and Colleges,
_c2005.
300 _a32 pages :
_billustrations ;
_c28 cm.
504 _aIncludes bibliographical references.
650 _aMusic preferences
_xTeenagers.
650 _aMusic
_xPsychological aspects.
650 _aAcademic achievement
_xPsychological aspects.
942 _2lcc
_cPASS
999 _c97221
_d97221